Normal view
MARC view
- Cashman, John R.
Entry Personal Name
001 - CONTROL NUMBER
- control field: 6968
003 - CONTROL NUMBER IDENTIFIER
- control field: NUST
005 - DATE AND TIME OF LATEST TRANSACTION
- control field: 20171206101731.0
008 - FIXED-LENGTH DATA ELEMENTS
- fixed length control field: 171206|| aca||aabn | a|a d
040 ## - CATALOGING SOURCE
- Original cataloging agency: NUST
- Transcribing agency: NUST
100 ## - HEADING--PERSONAL NAME
- Personal name: Cashman, John R.
670 ## - SOURCE DATA FOUND
- Source citation: Work cat.: (NUST)0: Cashman, John R., Emergency response to chemical and biological agents /, c2000.
